| 000 | 00617nam a22001937a 4500 | ||
|---|---|---|---|
| 999 |
_c7025 _d7025 |
||
| 001 | 7673 | ||
| 003 | BD-DhUAP | ||
| 005 | 20210112150647.0 | ||
| 008 | 210112r19882001ii a|||| |||| 00| 0 eng d | ||
| 020 | _a8178084384 | ||
| 040 |
_aBD-DhUAP _bEng _cBD-DhUAP _dBD-DhUAP |
||
| 082 |
_223 _a658.827 GAD |
||
| 100 | _aGad, Thomas. | ||
| 245 |
_a4-D branding : _bcracking the corporate code of the network economy / _cThomas Gad. |
||
| 260 |
_aNew Delhi : _bPearson Education Asia, _cc1988 [Reprinted 2001]. |
||
| 300 |
_a183 pages : _billustrations ; _c22 cm. |
||
| 650 |
_aBrand name products _vMarketing. |
||
| 942 |
_2ddc _cBK |
||